Statistics for 化学元素(困难模式)Chemical Elements (Hard Mode)

Click here to take the quiz!

General Stats

  • This quiz has been taken 24 times
  • The average score is 72 of 118

Answer Stats

原子序数元素% Correct
5硼/B
100%
4铍/Be
100%
1氢/H
100%
2氦/He
100%
3锂/Li
100%
13铝/Al
96%
6碳/C
96%
17氯/Cl
96%
9氟/F
96%
12镁/Mg
96%
7氮/N
96%
11钠/Na
96%
10氖/Ne
96%
8氧/O
96%
15磷/P
96%
16硫/S
96%
14硅/Si
96%
18氩/Ar
91%
20钙/Ca
91%
19钾/K
91%
29铜/Cu
87%
26铁/Fe
87%
21钪/Sc
87%
22钛/Ti
87%
27钴/Co
83%
24铬/Cr
83%
25锰/Mn
83%
28镍/Ni
83%
23钒/V
83%
30锌/Zn
83%
33砷/As
78%
35溴/Br
78%
31镓/Ga
78%
32锗/Ge
78%
36氪/Kr
78%
37铷/Rb
78%
34硒/Se
78%
38锶/Sr
74%
47银/Ag
70%
51锑/Sb
70%
39钇/Y
70%
40锆/Zr
70%
56钡/Ba
65%
48镉/Cd
65%
55铯/Cs
65%
53碘/I
65%
49铟/In
65%
57镧/La
65%
46钯/Pd
65%
44钌/Ru
65%
50锡/Sn
65%
43锝/Tc
65%
52碲/Te
65%
54氙/Xe
65%
79金/Au
61%
42钼/Mo
61%
41铌/Nb
61%
45铑/Rh
61%
85砹/At
57%
83铋/Bi
57%
58铈/Ce
57%
87钫/Fr
57%
80汞/Hg
57%
77铱/Ir
57%
76锇/Os
57%
82铅/Pb
57%
84钋/Po
57%
59镨/Pr
57%
78铂/Pt
57%
88镭/Ra
57%
86氡/Rn
57%
81铊/Tl
57%
60钕/Nd
52%
92铀/U
52%
89锕/Ac
48%
75铼/Re
48%
66镝/Dy
43%
68铒/Er
43%
63铕/Eu
43%
64钆/Gd
43%
72铪/Hf
43%
67钬/Ho
43%
71镥/Lu
43%
61钷/Pm
43%
62钐/Sm
43%
73钽/Ta
43%
65铽/Tb
43%
69铥/Tm
43%
74钨/W
43%
70镱/Yb
43%
94钚/Pu
39%
90钍/Th
39%
95镅/Am
35%
97锫/Bk
35%
98锎/Cf
35%
96锔/Cm
35%
99锿/Es
35%
100镄/Fm
35%
103铹/Lr
35%
101钔/Md
35%
113鿭/Nh
35%
102锘/No
35%
93镎/Np
35%
118鿫/Og
35%
91镤/Pa
35%
104𬬻/Rf
35%
117鿬/Ts
35%
112鿔/Cn
30%
108𬭶/Hs
30%
111𬬭/Rg
30%
107𬭛/Bh
26%
105𬭊/Db
26%
110𫟼/Ds
26%
114𫓧/Fl
26%
116𫟷/Lv
26%
115镆/Mo
26%
109鿏/Mt
26%
106𬭳/Sg
26%

Score Distribution

Percentile by Number Answered

Percent of People with Each Score

Your Score History

You have not taken this quiz